Pestovanie drobného a netradičného ovocia na prelome tretieho tisícročia [zborník z odborného seminára konaného dňa 28. marca 2001 v Agroinštitúte Nitra]

Bibliographic Details
Other Authors: Slíž, Kamil (Compiler)
Format: Book
Language:Slovak
PhysicalDescription:66 s. tab. 21 cm
Published: Nitra Agroinštitút 2001
ISBN:8071390747
Subjects:

MARC

LEADER 00000cam a2200000 a 4500
001 vtls001426516
003 SK-MaSNL
005 20260302001804.0
008 250414s2001 xo a fr 10000 slo
015 |a SNBA2002/05-01785 
020 |a 8071390747 
035 |a SNK000381462 
035 |a urn:nbn:sk:snk-amjre7 
035 |a urn:nbn:sk:snk:ar-008tvj 
035 |a fd49ebb0-efe8-4fce-a988-b0c58592048c 
040 |a SNK  |b slo  |c SNK  |e AACR2 
041 0 |a slo 
044 |a xo  |c SK 
080 |a 634.7(082)  |2 1981 
245 0 0 |a Pestovanie drobného a netradičného ovocia na prelome tretieho tisícročia  |b [zborník z odborného seminára konaného dňa 28. marca 2001 v Agroinštitúte Nitra]  |c [spracoval: Kamil Slíž] 
260 |a Nitra  |b Agroinštitút  |c 2001 
300 |a 66 s.  |b tab.  |c 21 cm 
500 |a Čiast. text čes. 
500 |a Údaj o sprac. prevzatý z rubu tit. strany 
500 |a 100 výt. 
504 |a Bibliogr. odkazy 
650 0 7 |a ovocie drobné  |x ovocie netradičné  |x pestovanie  |x zborníky  |2 SNK  |9 638237 
655 7 |a zborníky konferencií  |2 SNKPH  |9 70153 
655 7 |a issue_zb  |2 SNK  |9 276493 
700 1 |a Slíž, Kamil  |4 com  |9 11303 
852 |a Slovenská národná knižnica 
919 |a 80-7139-074-7 
954 |a odborná, vedecká literatúra pôvodná (slovenská)  |2 lita 
954 |a odborná, vedecká literatúra cudzojazyčná (svetová)  |2 lita 
958 |a ART 
958 |a TL 
958 |a ZB 
958 |a NB 
958 |a CZ 
958 |a OND 
999 |c 985295  |d 987225 
952 |t P60, <03>, [BOOK], {603}  |a SNK  |b SNK  |y PREZ  |7 0  |p 17A0328180  |o snkSC 107003  |i snkKSP 490/2002  |0 0  |1 0  |4 0  |d 2002-01-16  |l 0  |r 2025-09-26 00:00:00  |w 2026-02-24 
952 |t P60, <04>, [BOOK], {604}  |a SNK  |b SNK  |y VYP  |7 0  |p 17A0328181  |o snkSC 107003 D1  |i snkKSP 491/2002  |0 0  |1 0  |4 0  |d 2002-01-16  |l 0  |r 2005-01-02 00:00:00  |w 2026-02-24